Temporary works their role in construction
This work, intended for contractors, engineers and builders deals with temporary works and their role in construction. Topics covered in the book include contractual, legal and code requirements, cost and the construction team and the effect of the site and its boundaries.
Saved in:
| Main Author | |
|---|---|
| Format | Electronic eBook |
| Language | English |
| Published |
London :
Thomas Telford,
1987.
|
| Subjects | |
| Online Access | Full text |
| ISBN | 9780727739902 |
| DOI | 10.1680/twtric.03934 |
| Physical Description | 1 online resource ([432] p.) : ill. |
Cover
| LEADER | 00000nam a2200000 a 4500 | ||
|---|---|---|---|
| 001 | em-EDZ0000014695 | ||
| 003 | StDuBDS | ||
| 005 | 20170303150633.0 | ||
| 006 | m o d | ||
| 007 | cr ||||||||||| | ||
| 008 | 100812s1987 enka fo 001|0|eng d | ||
| 020 | |a 9780727739902 | ||
| 040 | |a StDuBDS |b eng |c StDuBDS |e pn | ||
| 082 | 0 | 4 | |a 624.1 |2 22 |
| 100 | 1 | |a Illingworth, J. R. |q (John R.) | |
| 245 | 1 | 0 | |a Temporary works |h [electronic resource] : |b their role in construction / |c J.R. Illingworth. |
| 260 | |a London : |b Thomas Telford, |c 1987. | ||
| 300 | |a 1 online resource ([432] p.) : |b ill. | ||
| 506 | |a Plný text je dostupný pouze z IP adres počítačů Univerzity Tomáše Bati ve Zlíně nebo vzdáleným přístupem pro zaměstnance a studenty | ||
| 520 | 8 | |a This work, intended for contractors, engineers and builders deals with temporary works and their role in construction. Topics covered in the book include contractual, legal and code requirements, cost and the construction team and the effect of the site and its boundaries. | |
| 588 | |a Description based on print version record. | ||
| 504 | |a Includes bibliographical references and index. | ||
| 650 | 0 | |a Temporary structures (Building) | |
| 655 | 7 | |a elektronické knihy |7 fd186907 |2 czenas | |
| 655 | 9 | |a electronic books |2 eczenas | |
| 776 | 0 | 8 | |i Print version : |z 9780727703934 |
| 856 | 4 | 0 | |u https://proxy.k.utb.cz/login?url=https://doi.org/10.1680/twtric.03934 |